000 00389nam a2200145Ia 4500
008 230711s9999||||xx |||||||||||||| ||und||
041 _aENG
082 _a720
_bKA-F
100 _aKaufmann,Edger
245 0 _aFallingwater: A Frank Lloyd Wright Country House
250 _a2nd . Ed.
260 _c1989
_aNew York
_bButterworth Architecture Publisher
650 _aArchitecture
942 _cBK
999 _c2230
_d2230